000 00446nam a22001697a 4500
005 20230918100453.0
008 160122b xxu||||| |||| 00| 0 eng d
040 _aLoreto College
082 _a244
_bTRA
100 _aTracy, Vera Marie
_qVera Marie Tracy
245 _aBurnished Chalices
_cVera Marie Tracy
260 _aNew York
_bThe bruce Publishing company
300 _a133p.
650 _aEnglish drama
850 _aLCLIB
942 _cBK
999 _c40503
_d90982